01575nam a2200385 a 4500001001200000003000800012006001900020007001500039008004100054010001700095015001900112016001800131020004000149020004300189040002100232035002100253050002700274082001400301100002200315245012900337260007200466300003000538490004500568504006600613533015200679650002300831650003200854650003600886655002900922700003400951710001700985830004201002856012601044999001901170ebr10172818CaPaEBRm u cr cn|||||||||060829s2007 ne ab sb 001 0 eng  z 2006028700 aGBA6980702bnb7 z0136073322Uk z0120885883 (hardcover : alk. paper) z9780120885886 (hardcover : alk. paper) aCaPaEBRcCaPaEBR a(OCoLC)16257040614aTK5105.5b.M425 2007eb04a004.62221 aMedhi, Deepankar.10aNetwork routingh[electronic resource] :balgorithms, protocols, and architectures /cDeepankar Medhi, Karthikeyan Ramasamy. aAmsterdam ;aBoston :bElsevier/Morgan Kaufmann Publishers,cc2007. axxx, 788 p. :bill., map.1 aThe Morgan Kaufmann series in networking aIncludes bibliographical references (p. [724]-767) and index. aElectronic reproduction.bPalo Alto, Calif. :cebrary,d2013.nAvailable via World Wide Web.nAccess may be limited to ebrary affiliated libraries. 0aComputer networks. 0aRouters (Computer networks) 0aComputer network architectures. 7aElectronic books.2local1 aRamasamy, Karthikeyan,d1967-2 aebrary, Inc. 0aMorgan Kaufmann series in networking.40uhttp://site.ebrary.com/lib/rucke/Doc?id=10172818zAn electronic book accessible through the World Wide Web; click to view c138723d138723